[Event "ROM-chT"]
[Site "Sovata"]
[Date "1998.??.??"]
[Round "4"]
[White "Milu, Romeo Sorin"]
[Black "Zetocha, Claudiu"]
[Result "1-0"]
[WhiteElo "2395"]
[BlackElo "2360"]
[Annotator "Bulletin"]
[PlyCount "55"]
[EventDate "1998.??.??"]
[EventType "team"]
[EventRounds "5"]
[EventCountry "ROU"]
[SourceTitle "EXT 1999"]
[Source "ChessBase"]
[SourceDate "1998.11.16"]
[SourceVersion "1"]
[SourceVersionDate "1998.11.16"]
[SourceQuality "1"]

1. e4 c5 2. Nf3 e6 3. d4 cxd4 4. Nxd4 Qb6 5. Nb3 Qc7 6. Bd3 Nf6 7. f4 d6 8. Nc3
a6 9. Qf3 b5 10. g4 Bb7 11. g5 Nfd7 12. Bd2 Nc6 13. O-O-O O-O-O 14. h4 Nc5 15.
Kb1 b4 16. Ne2 d5 17. e5 a5 18. Nbd4 Nxd4 19. Nxd4 Ne4 20. Be3 a4 21. Bxe4 dxe4
22. Qe2 Qa5 23. Qc4+ Qc7 24. Qb5 $14 (24. Nxe6 $3 fxe6 25. Bb6 Rxd1+ 26. Rxd1
Qxc4 27. Rd8#) 24... Bc5 $2 25. Nxe6 fxe6 26. Bxc5 Rd5 27. Rxd5 Bxd5 28. Qxb4
1-0

[Event "EU-chT (Men) 10th"]
[Site "Debrecen"]
[Date "1992.11.??"]
[Round "6.3"]
[White "Lutz, Christopher"]
[Black "Van Wely, Loek"]
[Result "0-1"]
[WhiteElo "2540"]
[BlackElo "2560"]
[Annotator "Bulletin"]
[PlyCount "66"]
[EventDate "1992.11.20"]
[EventType "team-swiss"]
[EventRounds "9"]
[EventCountry "HUN"]
[SourceTitle "EU-chT"]
[Source "ChessBase"]
[SourceDate "1999.07.01"]
[SourceVersion "2"]
[SourceVersionDate "1999.07.01"]
[SourceQuality "1"]
[WhiteTeam "Germany"]
[BlackTeam "Netherlands"]
[WhiteTeamCountry "GER"]
[BlackTeamCountry "NED"]

1. e4 c5 2. Nf3 d6 3. d4 cxd4 4. Nxd4 Nf6 5. Nc3 a6 6. f4 e6 7. Qf3 Qb6 8. a3
Nc6 9. Nb3 Qc7 10. Bd3 g6 11. Bd2 Bg7 12. g4 $6 b5 13. g5 Nd7 14. Qf2 (14. f5
Nd4 15. Nxd4 Bxd4 {/\ Ne5, /\ Nc5, Bb7=/+}) 14... Nb6 {/\ Nc4} 15. Qe2 $2 Na4
$1 $17 16. Rb1 Nxc3 17. bxc3 O-O $2 (17... Bb7 $142 $1) 18. h4 Bb7 19. h5 Rfe8
$2 (19... Na5 $142 $5) 20. hxg6 hxg6 21. Rh4 $5 (21. Qh2 $5 Qb6 (21... Na5 $2
22. Nd4 $1 e5 23. f5 $1 (23. Nf5 $2 gxf5 24. exf5 e4 $19 (24... exf4+ 25. Kf1
Bxh1 $19)) 23... exd4 24. f6 $18) 22. Kf1 {/\ f5} Ne7 {/\ d5}) 21... Na5 22.
Nxa5 Qxa5 23. Qh2 Qxa3 (23... Bxc3 $4 24. Rh8+ $1 $18) 24. Ke2 $1 $10 (24. Kf1
$2 {/\ f5} Rac8 {/\ Rc3-+}) 24... d5 $8 25. Rh7 $2 (25. e5 d4 26. Rh7 dxc3 27.
Rxg7+ Kxg7 28. Qh6+ Kg8 29. Bxg6 fxg6 30. Qxg6+ Kf8 $10) (25. Rh1 Kf8 26. Rh7
dxe4 27. Rxg7 exd3+ 28. cxd3 Bxh1 29. Qh8+ (29. Qh7 Ke7 30. Rxf7+ Kd6 31. Rd7+
Kc6 32. Rc7+ Kb6 33. Be3+ Ka5 34. Qxh1 $17) 29... Ke7 30. Rxf7+ Kxf7 $10 (30...
Kd8 $2 31. Qd4+ Bd5 32. Qb6+ $18) (30... Kd6 $2 31. Qe5+ Kc6 32. Qc7+ $18))
25... dxe4 26. Bxb5 Red8 $1 $19 (26... axb5 27. Rxg7+ Kxg7 28. Qh6+ Kg8 29. Rh1
) 27. Rxg7+ Kxg7 28. f5 Rxd2+ 29. Kxd2 Rd8+ 30. Bd3 (30. Ke2 Qxc3) 30... Rxd3+
31. Ke2 Rxc3 32. Kd1 (32. f6+ Kg8 33. Qb8+ Bc8) 32... exf5 33. Rxb7 Qa1+ 0-1

[Event "Hoogovens"]
[Site "Wijk aan Zee"]
[Date "1984.01.15"]
[Round "3"]
[White "Van der Wiel, John"]
[Black "Ligterink, Gert"]
[Result "1/2-1/2"]
[WhiteElo "2515"]
[BlackElo "2445"]
[Annotator "Bulletin"]
[PlyCount "82"]
[EventDate "1984.01.13"]
[EventType "tourn"]
[EventRounds "13"]
[EventCountry "NED"]
[EventCategory "13"]
[SourceTitle "MCL"]
[Source "ChessBase"]
[SourceDate "1999.07.01"]
[SourceVersion "1"]
[SourceVersionDate "1999.07.01"]
[SourceQuality "1"]

1. e4 c5 2. Nf3 e6 3. d4 cxd4 4. Nxd4 Nc6 5. Nc3 d6 6. Be3 Nf6 7. f4 e5 8. fxe5
dxe5 9. Ndb5 Qa5 10. a3 $1 (10. Bd2) 10... Bg4 (10... Nxe4 11. b4 Nxc3 (11...
Bxb4 12. axb4 Qxb4 13. Nc7+ $5 Kf8 14. N7d5 Nxc3 15. Nxb4 Nxd1 16. Rxd1 $16)
12. bxa5 Nxd1 13. Rxd1 Rb8 14. Nc7+ Ke7 15. Bc4 $1 {/\ Bc5 ->}) 11. b4 Qd8 12.
Qxd8+ Kxd8 (12... Rxd8 13. Nxa7 Nd4 14. Bb5+ Bd7 15. O-O-O $16) 13. Be2 (13.
Bc4 Bh5 $13) 13... Kc8 (13... Bxe2 14. Kxe2 a6 $6 15. Bb6+ $16) 14. Nd5 $6 (14.
Rd1 a6) (14. Bxg4+ Nxg4 15. Nd5 Nxe3 16. Nxe3 a6 (16... a5 $2 17. Nd5 Ra6 18.
Nbc7 $18) 17. Nc3 b5 18. O-O Ra7 19. Ncd5 $16) 14... Bxe2 15. Kxe2 Nxe4 16.
Rhf1 f6 17. Kd3 Nd6 18. Nbc7 e4+ $1 $8 {>< c4} (18... Rb8 19. b5 Kd7 (19... Ne7
20. Bxa7 Nxd5 21. Nxd5 $18) 20. bxc6+ bxc6 21. Na6 $18) (18... Ne7 19. Nxa8
Nxd5 20. Bxa7 e4+ 21. Kd4 $1) 19. Ke2 (19. Kc3 $2 Ne7) 19... Ne7 20. Nxa8 Nxd5
21. Bxa7 Nc4 22. Rf5 (22. Bd4 g6 $1 (22... Kb8 23. Rf5 Ne7 24. Rc5) 23. Rad1
Be7 24. Ba1 Rd8) 22... Nc3+ 23. Ke1 Bd6 $1 24. Nb6+ (24. Bd4 Na4) 24... Nxb6
25. Bxb6 Be5 26. a4 (26. Bc5 Rd8) (26. Ba5 Kd7 (26... Nd5 $5) 27. a4 Ra8 $13 (
27... Ke6 $13)) 26... Nd5 27. Rxe5 fxe5 28. Bc5 b6 29. c4 $8 bxc5 30. cxd5 cxb4
31. Rb1 Rd8 32. Rxb4 Rxd5 33. Rxe4 $14 Kd7 34. Rh4 (34. Re2 $142 Ra5 (34... Ke6
35. Rc2 $14) 35. Ra2 Kd6 36. Kd2 Kd5 37. Ke3 $14) 34... h6 35. Rg4 g5 36. h4
Ke6 37. hxg5 Kf5 38. Rb4 Kxg5 $1 $10 (38... hxg5 $2 39. g4+ $16) 39. Ke2 (39.
Rb5 Rd4 40. Rxe5+ Kf4 41. Rh5 Kg4 $10) 39... Kf5 40. Rh4 Kg5 41. Rc4 h5 1/2-1/2

[Event "EU-chT (Men) 10th"]
[Site "Debrecen"]
[Date "1992.11.??"]
[Round "8.1"]
[White "Short, Nigel D"]
[Black "Smirin, Ilia"]
[Result "1/2-1/2"]
[WhiteElo "2685"]
[BlackElo "2545"]
[Annotator "Bulletin"]
[PlyCount "98"]
[EventDate "1992.11.20"]
[EventType "team-swiss"]
[EventRounds "9"]
[EventCountry "HUN"]
[SourceTitle "EU-chT"]
[Source "ChessBase"]
[SourceDate "1999.07.01"]
[SourceVersion "2"]
[SourceVersionDate "1999.07.01"]
[SourceQuality "1"]
[WhiteTeam "England"]
[BlackTeam "Israel"]
[WhiteTeamCountry "ENG"]
[BlackTeamCountry "ISR"]

1. e4 c5 2. Nf3 d6 3. d4 cxd4 4. Nxd4 Nf6 5. Nc3 a6 6. f4 e6 7. Qf3 Qb6 8. a3
Nc6 9. Nxc6 bxc6 10. g4 $5 (10. b3) 10... g6 (10... d5 $5) 11. g5 Nd7 12. b3
Bg7 $6 (12... h6) 13. Bb2 O-O 14. O-O-O d5 15. h4 Nc5 16. h5 Ra7 $8 17. Rd2 a5
18. e5 $2 (18. Rdh2 Bh8 19. e5 $16 {<->h, ץh8}) 18... Rd8 $1 19. hxg6 fxg6 20.
Rdh2 Bf8 21. Nd1 $1 {/\ Nf2-g4-f6} a4 22. b4 Ne4 23. Bd3 c5 24. Bxe4 dxe4 25.
Qe3 $1 Rb7 $1 26. Nf2 cxb4 27. Qxb6 Rxb6 28. Rxh7 (28. Nxe4 $2 h5 29. gxh6 bxa3
30. h7+ Kh8 31. Ba1 a2 $19) (28. axb4 $2 h5 $1 29. gxh6 Bxb4 30. Nxe4 a3 31.
Ba1 a2 32. c3 $8 Ba3+ 33. Kc2 Bb7 $17) 28... bxa3 29. Rh8+ Kf7 30. Rxf8+ $1 (
30. R1h7+ $2 Bg7 31. Rxd8 axb2+ 32. Kb1 a3 $19) 30... Rxf8 31. Bxa3 e3 32. Ng4
$2 (32. Ne4 Bb7 33. Rh7+ Kg8 34. Nf6+ $1 Rxf6 35. exf6 Kxh7 36. f7 e2 37. Kd2
Rb1 38. Kxe2 Ba6+ 39. Kd2 Rb8 40. f8=Q Rxf8 41. Bxf8 $10 {Short}) 32... e2 33.
Kd2 Ba6 34. Bd6 (34. Nf6 $2 Rd8+ $19) 34... Kg7 $1 35. Bxf8+ $8 (35. Nf6 Rh8
36. Bf8+ Kf7 $1 37. Rxh8 Rb1 38. Rh7+ Kxf8) 35... Kxf8 36. Nf6 Rb4 $2 (36...
Rb2 $142 $3 37. Nd7+ (37. Ra1 a3 38. Ne4 a2 39. Nc3 Bc4 $19) 37... Ke7 38. Nc5
a3 $1 39. Kc3 (39. Nxa6 a2 40. Kxe2 Rb1 41. Rh7+ Kf8 $19) 39... Rb8 $3 40. Ra1
(40. Nxa6 Rd8 41. Re1 Rd1 42. Rxe2 a2 $19) 40... Rc8 41. Kb4 Rd8 $19) 37. Nd7+
Ke7 38. Nc5 Rd4+ 39. Nd3 $10 a3 40. Ra1 Bxd3 41. cxd3 e1=Q+ 42. Rxe1 Rxf4 43.
Kc3 Rg4 44. Kb3 Rg3 45. Kxa3 Rxd3+ 46. Kb4 Rg3 47. Kc5 Rxg5 48. Kd4 Kf7 49. Ra1
Ke7 1/2-1/2

[Event "EU-chT (Men) 10th"]
[Site "Debrecen"]
[Date "1992.11.??"]
[Round "5.1"]
[White "Short, Nigel D"]
[Black "Kasparov, Garry"]
[Result "0-1"]
[WhiteElo "2685"]
[BlackElo "2780"]
[Annotator "Bulletin"]
[PlyCount "74"]
[EventDate "1992.11.20"]
[EventType "team-swiss"]
[EventRounds "9"]
[EventCountry "HUN"]
[SourceTitle "EU-chT"]
[Source "ChessBase"]
[SourceDate "1999.07.01"]
[SourceVersion "2"]
[SourceVersionDate "1999.07.01"]
[SourceQuality "1"]
[WhiteTeam "England"]
[BlackTeam "Russia"]
[WhiteTeamCountry "ENG"]
[BlackTeamCountry "RUS"]

1. e4 c5 2. Nf3 d6 3. d4 cxd4 4. Nxd4 Nf6 5. Nc3 a6 6. f4 e6 7. Qf3 Qb6 8. a3
Nc6 9. Nb3 Qc7 10. Bd3 g6 11. O-O Bg7 12. Bd2 $1 (12. Be3) 12... O-O 13. Nd1 $6
e5 $1 14. Ne3 (14. f5 d5 15. fxg6 (15. Ne3 dxe4 16. Bxe4 Nd4 $17) (15. Nc3 gxf5
$1 16. exd5 e4 17. Qf4 Qxf4 18. Bxf4 Ne7 19. d6 Ng6 20. Bc4 Nxf4 21. Rxf4 Be6
$17) (15. exd5 e4 16. Bxe4 Ne5 17. Qf4 Nxe4 18. Qxe4 Bxf5 $17 19. Rxf5 gxf5 20.
Qxf5 Nc4 21. Bc3 Qb6+ 22. Kh1 Qg6) 15... dxe4 $1 16. gxh7+ (16. gxf7+ $2 Qxf7
$19) 16... Kh8 17. Bxe4 Nxe4 18. Qxe4 f5 19. Qh4 f4 $1 $40) 14... exf4 15. Qxf4
Be6 16. Qh4 (16. Bc3 Nh5 $5 17. Qf2 Bxc3 18. bxc3 Ne5 $15) 16... Qd8 $1 $15 17.
Rae1 $6 (17. Bc3 Ng4 18. Qxd8 Rfxd8 19. Nxg4 (19. Nd5 Bxd5 20. exd5 Nce5) 19...
Bxc3 20. Nf6+ Bxf6 21. Rxf6 Kg7 22. Rf2 Rac8) 17... Nd7 $17 (17... Bxb3 $5 18.
cxb3 d5 19. exd5 Nxd5 20. Qxd8 Raxd8 21. Be4 $1 Nxe3 22. Bxe3 Bxb2 23. Bxc6 $17
) 18. Qxd8 Raxd8 (18... Rfxd8 $1 19. Na5 (19. Bc1 Nc5 20. Nxc5 dxc5 21. Bc4
Bxc4 22. Nxc4 Rd4 23. Nd2 Re8 $17) 19... Nxa5 20. Bxa5 b6 21. Bb4 Bxb2 (21...
Nc5 $17) 22. Bxd6 Ne5 $17) 19. Na5 $1 Nxa5 20. Bxa5 Rc8 $2 (20... b6 $1 21. Bb4
Nc5 22. Rb1 Bd4 23. Rfe1 d5 $40) 21. c3 Bh6 $1 22. Nd5 $6 (22. Bb4 $2 Ne5 23.
Bc2 Bxe3+ 24. Rxe3 Nc4 25. Rd3 Nxb2 26. Rxd6 a5 27. Rxe6 (27. Bxa5 Nc4) 27...
axb4 28. Rb6 Nc4 $1 29. Rxb4 Ne3 30. Bb3 $17) (22. Bc2 $1 $13) 22... Bxd5 23.
exd5 Ne5 24. Be2 Bd2 $1 25. Rd1 Be3+ 26. Kh1 f5 $1 27. g3 $2 (27. Bb4 $1 $8 Rf6
28. b3 b5 29. a4 Bb6 $1 30. c4 (30. axb5 a5) 30... a5 31. Bc3 b4 32. Bb2 h5 $1
$15) 27... g5 $17 28. Bb4 Rf6 29. b3 f4 30. gxf4 gxf4 31. c4 $2 (31. Bf3 Nxf3 (
31... b5 $17) 32. Rxf3 b5 $17) 31... f3 32. Bxf3 (32. Bd3 Ng4 33. Bc3 Rh6 $19)
32... Nxf3 33. Bxd6 Rxd6 34. Rxf3 Bh6 $1 35. Re1 Rg6 {/\ Bf8} 36. Re4 b5 37. c5
$2 (37. Rg3 $1 Bf8 (37... bxc4 38. bxc4 a5 39. d6 Bf8 40. Rd4 Rxg3 41. hxg3 Kf7
42. c5 Ke6 43. d7 Rd8 44. c6 Bd6 $13) 38. Re6 Kg7 39. Rxa6 bxc4 40. bxc4 Rxc4
41. Ra7+ Kg8 42. Ra6 Rxg3 43. hxg3 Rd4 $19) 37... Rxc5 0-1

[Event "British CF-71 Championship"]
[Site "Brighton/ East Sussex"]
[Date "1984.07.30"]
[Round "1"]
[White "Short, Nigel D"]
[Black "Howell, James C"]
[Result "1-0"]
[WhiteElo "2500"]
[BlackElo "2320"]
[Annotator "Bulletin"]
[PlyCount "97"]
[EventDate "1984.07.30"]
[EventType "swiss"]
[EventRounds "11"]
[EventCountry "GBR"]
[SourceTitle "EXT 1999"]
[Source "ChessBase"]
[SourceDate "1998.11.16"]
[SourceVersion "1"]
[SourceVersionDate "1998.11.16"]
[SourceQuality "1"]

1. e4 c5 2. Nf3 d6 3. d4 cxd4 4. Nxd4 Nf6 5. Nc3 a6 6. Be3 e6 7. f4 b5 8. Qf3
Bb7 9. Bd3 Nbd7 10. g4 b4 11. Nce2 e5 12. Nb3 d5 13. Ng3 Be7 14. O-O-O O-O 15.
f5 a5 16. Kb1 a4 17. Nd2 b3 18. a3 d4 19. Bf2 Nc5 20. g5 bxc2+ 21. Bxc2 Ng4 22.
Qxg4 d3 23. Rc1 dxc2+ 24. Rxc2 Nd3 25. Be3 Qd7 26. Rd1 Rac8 27. Nc4 Qb5 28.
Rxd3 Rxc4 29. Rxc4 Qxc4 30. Rc3 Qb5 31. f6 Bd8 32. fxg7 Kxg7 33. Nf5+ Kh8 34.
Nd6 Qf1+ 35. Ka2 Ba6 36. Qf5 Qe2 37. Qxe5+ f6 38. Qd4 Ba5 39. gxf6 Bxc3 40.
Qxc3 Kg8 41. Bh6 Rxf6 {(sealed)} 42. Qc7 $1 (42. Qxf6 $2 Bc4+) 42... Bc4+ 43.
Nxc4 Rxh6 44. Qd8+ Kg7 45. Qe7+ Kg8 46. Ne5 $1 Qh5 47. h4 $22 Ra6 48. Qd8+ Kg7
49. Qd7+ (49. Qd7+ Kf6 50. Ng4+ $1 Kg6 51. Qe8+ Kg7 52. Qxh5 $18) 1-0

[Event "Gibraltar Masters 13th"]
[Site "Caleta"]
[Date "2015.02.02"]
[Round "7"]
[White "Yu, Yangyi"]
[Black "Hou, Yifan"]
[Result "1/2-1/2"]
[WhiteElo "2724"]
[BlackElo "2673"]
[Annotator "CB"]
[PlyCount "77"]
[EventDate "2015.01.27"]
[EventType "swiss"]
[EventRounds "10"]
[EventCountry "GGB"]
[SourceTitle "CBM 165"]
[Source "ChessBase"]
[SourceDate "2015.03.11"]
[SourceVersion "1"]
[SourceVersionDate "2015.03.11"]
[SourceQuality "1"]

1. e4 c5 2. Nf3 d6 3. d4 cxd4 4. Nxd4 Nf6 5. Nc3 e6 6. Be3 Nc6 7. f4 Be7 8. Qf3
Qc7 9. O-O-O a6 10. g4 Nd7 11. g5 b5 12. Bd3 Nc5 13. Kb1 Bb7 14. h4 Rc8 15. h5
Nxd4 16. Bxd4 b4 17. Ne2 e5 {It's always difficult to describe exactly what is
happening in a Sicilian. Black's last move is strategically desirable, but it
is risky as it opens the f-file for the White queen.} 18. Bxc5 (18. fxe5 dxe5
19. g6 exd4 (19... hxg6 20. hxg6 Rxh1 21. gxf7+ Kd7 22. Qxh1 exd4 23. Nxd4 $13
{is not pretty either, but maybe still unclear after} Qe5) 20. Qxf7+ Kd7 21.
Nxd4 {is not for us mortals to analyze, but it does look bad for Black.}) 18...
Qxc5 19. g6 $1 hxg6 20. hxg6 Rxh1 21. Rxh1 Bf6 $1 {Very tenacious from Hou
Yifan. This is probably the best way to try to hold this difficult position.}
22. Qg4 Ke7 23. gxf7 Rf8 24. f5 a5 $1 {It's amazing how Black's slow
counterattack is actually sufficient in this position. White is not only
unable to prevent the push a4-a3, but he is also unable to create real threats
on the kingside.} 25. Ng3 a4 26. Nh5 a3 27. Qg1 {Yu Yangyi exchanges queens
before things actually go wrong.} Rxf7 (27... Qxg1+ 28. Rxg1 d5 {was probably
more exact, and actually Gave Black some winning chances.}) 28. Qxc5 dxc5 29.
bxa3 bxa3 30. c4 Kd8 (30... Rf8 {to bring the rook around was far more natural.
}) 31. Kc2 Bc6 32. Nxf6 gxf6 33. Kb3 Rg7 {Black will lose the a-pawn for sure,
but her counterplay compensates it fully.} 34. Rh3 Rg4 35. Re3 Kc7 36. Kxa3 Kb6
37. Kb3 Ka5 38. a3 Rh4 39. Kb2 {White is completely tied down to e4, so the
came is clearly a draw.} 1/2-1/2

[Event "Mitropa Cup-08"]
[Site "Lienz"]
[Date "1983.10.28"]
[Round "6.2"]
[White "Lau, Ralf"]
[Black "Cebalo, Miso"]
[Result "0-1"]
[WhiteElo "2395"]
[BlackElo "2460"]
[Annotator "Cebalo,M"]
[PlyCount "56"]
[EventDate "1983.10.22"]
[EventType "team-tourn"]
[EventRounds "7"]
[EventCountry "AUT"]
[SourceTitle "EXT 2003"]
[Source "ChessBase"]
[SourceDate "2002.11.25"]
[SourceVersion "1"]
[SourceVersionDate "2002.11.25"]
[SourceQuality "1"]

1. e4 c5 2. Nf3 d6 3. d4 cxd4 4. Nxd4 Nf6 5. Nc3 e6 6. f4 Nc6 7. Be3 Bd7 8. Qf3
a6 9. O-O-O Qc7 10. Be2 Rc8 11. g4 $2 Nxd4 12. Rxd4 d5 13. Bd3 Ba3 $1 {[#]} ({
Weniger stark wäre} 13... Bc5 {wegen} 14. exd5 {und Schwarz kann den Rd4 nicht
gut nehmen, weil Weiss für die verlorene Qualität ausreichendes Gegenspiel
erhalten würde.} {Nach} Qb6 {würde} 15. g5 {mit unklarer Stellung folgen.}) 14.
Nxd5 exd5 15. bxa3 Bxg4 16. Qg2 ({Nach} 16. Qg3 $2 {würde} dxe4 {sofort
gewinnen, da nach} 17. Rxe4+ Nxe4 18. Qxg4 Qc3 $1 {der Springer nicht
geschlagen werden darf.}) 16... Qc3 17. exd5 $2 ({Hier war} 17. e5 $1 {
bedeutend stärker gewesen, denn nach} Ne4 18. Kb1 Qxa3 19. Bxe4 Qxe3 20. Qxg4
O-O 21. Bxh7+ Kxh7 22. Rxd5 Rc4 {besässe Weiss reelle Remischancen.}) 17... O-O
18. Kb1 Rfe8 19. Qg3 Bf5 20. Rc1 Rc5 $1 21. Bf2 Nh5 22. Qf3 Rb5+ 23. Rb4 Rxb4+
24. axb4 Qxb4+ 25. Ka1 Qc3+ 26. Kb1 g6 27. Be2 $2 Qb4+ $1 28. Ka1 Qd2 $1 (28...
Qd2 {weil nach} 29. Rf1 Nxf4 $1 {mit Figurengewinn folgt.}) 0-1

[Event "Buenos Aires"]
[Site "Buenos Aires"]
[Date "1980.??.??"]
[Round "?"]
[White "Balashov, Yuri S"]
[Black "Najdorf, Miguel"]
[Result "1-0"]
[WhiteElo "2600"]
[BlackElo "2510"]
[Annotator "Chekhov,V"]
[PlyCount "53"]
[EventDate "1980.10.15"]
[EventType "tourn"]
[EventRounds "13"]
[EventCountry "ARG"]
[EventCategory "13"]
[SourceTitle "MCL"]
[Source "ChessBase"]
[SourceDate "1999.07.01"]
[SourceVersion "1"]
[SourceVersionDate "1999.07.01"]
[SourceQuality "1"]

1. e4 c5 2. Nf3 d6 3. d4 cxd4 4. Nxd4 Nf6 5. Nc3 e6 6. f4 a6 7. Qf3 Qc7 $6 (
7... Qb6 8. a3 (8. Nb3 Qc7 9. Bd3 b5 10. O-O Bb7 11. g4 b4 12. Ne2 d5 13. e5
Ne4 14. Be3 {Mortensen,E-Ftacnic,L/Manila/1992/0,5 (46)/ Inf 55/247/}) 8... Nc6
9. Nxc6 $5 bxc6 10. b3 Bb7 11. Bb2 c5 12. O-O-O Be7 13. g4 $1 d5 14. g5 Nxe4
15. Nxe4 dxe4 16. Qc3 $13 {Adams,M-Polugaevsky,L/FRA/1992/1:0 (32)/ Inf 55/246/
}) 8. g4 b5 9. g5 Nfd7 (9... b4 10. Ncb5 axb5 11. gxf6 gxf6 12. Bxb5+ Bd7 13.
Qd3) 10. a3 Bb7 11. Bd3 Nc5 12. f5 e5 $6 (12... Nbd7 13. fxe6 (13. g6 hxg6 14.
fxe6 fxe6 15. Qg3 Ne5 16. Bf4 O-O-O) 13... fxe6 14. Qh3 Ne5 15. Nxe6 $140 Qc8)
13. Nde2 Nbd7 14. Be3 Be7 15. Ng3 g6 16. O-O-O $16 Nxd3+ (16... Rc8 17. Kb1 (
17. h4)) 17. Rxd3 Nc5 (17... Nb6 $5 {[]c4/}) 18. Rdd1 Rc8 19. Qe2 Bd8 $6 (
19... gxf5 20. Bxc5 dxc5 21. Nxf5 Bxg5+ 22. Kb1 Be7 23. Qg4 $36) 20. Kb1 O-O
21. h4 gxf5 22. Bxc5 dxc5 23. Nxf5 Be7 $6 (23... b4 $5 24. axb4 cxb4 25. Nd5
Bxd5 26. Rxd5) 24. Qg4 {<<d7/} Rcd8 25. h5 $18 Rxd1+ (25... b4 26. g6) 26.
Rxd1 Rd8 27. Rf1 (27. Rf1 Bf8 (27... Rf8 28. g6 $18) 28. Nh6+) 1-0

[Event "St Petersburg-Paris"]
[Site "Paris"]
[Date "1996.??.??"]
[Round "2"]
[White "Orlov, Vassily"]
[Black "Renet, Olivier"]
[Result "0-1"]
[WhiteElo "2405"]
[BlackElo "2500"]
[Annotator "Chekhov,V"]
[PlyCount "70"]
[EventDate "1996.02.??"]
[EventType "schev"]
[EventRounds "9"]
[EventCountry "FRA"]
[SourceTitle "CBM 051 Extra"]
[Source "ChessBase"]
[SourceDate "1996.05.01"]
[SourceVersion "1"]
[SourceVersionDate "1996.05.01"]
[SourceQuality "1"]

1. e4 c5 2. Nf3 d6 3. d4 cxd4 4. Nxd4 Nf6 5. Nc3 a6 6. f4 Qc7 7. Bd3 e6 8. O-O
b5 9. a3 (9. Qe2 Bb7 10. Kh1 Nbd7 11. Bd2 Be7 12. Rae1 Nc5 13. b4 Nxd3 14. cxd3
O-O 15. Rc1 Qd7 16. g4 e5 17. Nf5 exf4 18. Rxf4 d5 $1 $36 {Glek,I-Lutz,C/GER/
1992/0|1/40/}) 9... Bb7 10. Nf3 $5 (10. Kh1 $5 Be7 11. Qe1 Nbd7 12. Nf3 Nc5 13.
e5 Nfd7 14. Ne4 Nxe4 15. Bxe4 Bxe4 16. Qxe4 O-O 17. Be3 $14 {Schmaltz,R-Link,M/
GER/1994/1|0/58/}) 10... Nbd7 11. Qe1 g6 $5 (11... Be7 $5) 12. f5 gxf5 (12...
Bg7 13. Qh4 $36) 13. exf5 e5 14. Qh4 Be7 (14... Bg7 15. Bh6 $36) (14... h6 $5)
15. Bg5 h6 16. a4 $1 Rg8 (16... b4 17. Ne4 (17. Bxf6 $2 Qc5+ 18. Kh1 Bxf6 $19)
17... Nxe4 18. Bxe7 Nec5 19. Bf6 $36) 17. Bxf6 Nxf6 (17... Bxf6 18. Qb4 $132)
18. axb5 (18. Rae1 e4 $6 (18... Qc5+ 19. Kh1 b4 $17) 19. Nxe4 Nxe4 20. Rxe4
Bxe4 21. Qxe4 $36) 18... e4 19. bxa6 exf3 20. axb7 Rxa1 (20... Qb6+ 21. Qf2
Rxg2+ 22. Kh1 Qxb7 23. Rxa8+ Qxa8 24. Qxf3 $16) 21. Rxa1 Qb6+ 22. Kf1 (22. Qf2
Rxg2+ 23. Kh1 Rxf2 24. Ra8+ Bd8 25. b8=Q Rxh2+ 26. Kxh2 Qf2+ 27. Kh3 Qg2+ 28.
Kh4 Qg4#) 22... fxg2+ 23. Ke2 g1=Q (23... Qxb7 24. Bb5+ Kd8 25. Qa4 g1=Q 26.
Rxg1 Rxg1 27. Qa5+ Qc7 (27... Kc8 28. Ba6 $18) 28. Qa8+ Qc8 29. Qa5+ $10) 24.
Bb5+ Kf8 (24... Qxb5+ $5 25. Nxb5 Rg2+ $6 (25... Qg2+ 26. Kd3 (26. Qf2 Qe4+ 27.
Qe3 (27. Kd1 Qd5+ 28. Nd4 (28. Kc1 Qxb5 29. Ra8+ Kd7 $19) 28... Qxb7 $17) 27...
Qxc2+ 28. Ke1 Kd7 $22 29. Rc1 Rg1+ 30. Qxg1 Qxc1+ 31. Kf2 Qxb2+ 32. Kf3 Qxb5
$19) 26... Qxb7 (26... Qd5+ 27. Nd4 Qxb7 28. Re1 Kd8 $17) 27. Ra8+ Qxa8 (27...
Kd7 28. Ra7 $18) 28. Nc7+ Kd7 29. Nxa8 Rxa8 30. Qxh6 $13) 26. Kd3 Qb6 (26...
Qxa1 27. b8=Q+ Bd8 28. Nxd6+ $18) 27. Ra8+ $18) (24... Kd8 25. Rxg1 Rxg1 26.
Qf2 Qxb7 27. Qxg1 $14) 25. Qxh6+ $6 (25. Rxg1 $5 Rxg1 26. Qf2 Qxb7 27. Qxg1 Ne4
28. Bd3 Nxc3+ $10) 25... Qg7 (25... Rg7 26. Rxg1 $18) 26. Ra8+ Bd8 27. Qxg7+
Kxg7 28. b8=Q Qd4 $40 29. Qa7 Qg4+ 30. Kd3 Rh8 31. b3 $6 (31. Bc4 Rh3+ 32. Kd2
Qxc4 $19) (31. Qf2 $5) 31... Rh3+ 32. Kd2 Qg5+ 33. Kd1 Rxh2 34. Qd4 (34. Be2
Rh1+ $19) 34... Bb6 35. Qxd6 Qg1+ 0-1